[Event "Aeroflot Open 2017"]
[Site "Moscow"]
[Date "2017.02.27"]
[Round "7"]
[White "Artemiev, Vladislav"]
[Black "Lysyj, Igor"]
[Result "1-0"]
[WhiteElo "2655"]
[BlackElo "2643"]
[Annotator "TA"]
[PlyCount "87"]
[EventDate "2017.??.??"]

1. g3 d5 2. Nf3 Nf6 3. Bg2 e6 4. O-O Be7 5. c4 O-O 6. b3 b6 7. Bb2 Bb7 8. cxd5
Nxd5 9. d4 Nd7 10. Re1 c5 11. e4 N5f6 12. Nc3 cxd4 13. Nxd4 Bc5 {LiveBook: 4
Games} 14. Re2 Ne5 15. Na4 Bxd4 {White is slightly better.} 16. Bxd4 Nc6 17.
Bb2 Qe7 18. Qe1 Rfd8 19. Rd1 Rxd1 20. Qxd1 Rd8 21. Rd2 Rxd2 22. Qxd2 Qd7 23.
Bc3 Qxd2 24. Bxd2 Nd4 25. f3 Nd7 26. Kf2 f6 27. Ke3 e5 28. Bh3 Nc5 29. Bc3 Nxa4
30. bxa4 $11 {Endgame KBB-KBN} Nc6 $1 31. Be6+ Kf8 32. f4 g5 33. Bb2 Ke7 {
aiming for ...gxf4+.} 34. Bg8 gxf4+ 35. gxf4 exf4+ (35... h5 $14) 36. Kxf4 $16
Nb4 {Hoping for ...Nd3+.} 37. Ba3 a5 38. Bxh7 Bc6 $2 {[#]} (38... Kf7 $16) 39.
Bg8 $1 $18 Bxa4 {[#]} 40. Kf5 $1 Bc2 $2 (40... Be8 {was called for.} 41. Bc4
Bc6) 41. Bb3 Bd3 42. h4 Kf8 $2 (42... Be2 43. Bb2 Na6 44. Bxf6+ Ke8) 43. Kxf6
Bxe4 44. h5 1-0

[Event "Aeroflot Open 2017"]
[Site "Moscow"]
[Date "2017.02.27"]
[Round "7"]
[White "Berkes, Ferenc"]
[Black "Yu, Yangyi"]
[Result "1/2-1/2"]
[WhiteElo "2648"]
[BlackElo "2738"]
[Annotator "TA"]
[PlyCount "33"]
[EventDate "2017.??.??"]

1. d4 Nf6 2. Nf3 d5 3. Bf4 g6 4. e3 Bg7 5. Be2 O-O 6. O-O c5 7. c3 Nc6 8. Ne5 {
LiveBook: 7 Games} Qb6 9. Qb3 Nxe5 10. Bxe5 Nd7 11. Bxg7 (11. Qxd5 $2 Qxb2 12.
Bxg7 Kxg7 $19) 11... Kxg7 {The position is equal.} 12. Nd2 Nf6 13. Qa3 cxd4 14.
cxd4 Bd7 15. Rac1 Rfc8 16. Nf3 ({Not} 16. Qxe7 $2 Rxc1 17. Rxc1 Qxb2 $19) 16...
Bg4 17. h3 1/2-1/2

[Event "Aeroflot Open 2017"]
[Site "Moscow"]
[Date "2017.02.27"]
[Round "7"]
[White "Gupta, Abhijeet"]
[Black "Bok, Benjamin"]
[Result "1/2-1/2"]
[WhiteElo "2645"]
[BlackElo "2596"]
[Annotator "TA"]
[PlyCount "100"]
[EventDate "2017.??.??"]

1. d4 Nf6 2. c4 g6 3. Nc3 d5 4. Nf3 Bg7 5. cxd5 Nxd5 6. e4 Nxc3 7. bxc3 c5 8.
Be3 Bg4 9. Rc1 O-O 10. Be2 Qa5 11. O-O Qxa2 12. Ra1 {LiveBook: 5 Games} Qb2 13.
Qd3 Qb6 14. Rab1 Qc7 15. Qc4 b6 16. h3 Bc8 17. Qa4 Bb7 18. dxc5 bxc5 19. Rfd1
Bc6 (19... Bxc3 $6 20. Rbc1 Bc6 21. Qb3 $16) 20. Bb5 a6 ({Of course not} 20...
Bxc3 $6 21. Rdc1 (21. Bxc5 Bxb5 22. Qxb5 Rc8 $11) 21... Bg7 22. Rxc5 Bxb5 23.
Qxb5 $14 (23. Rxc7 $2 Bxa4 24. Bxa7 Nc6 $19)) 21. Bxc6 Qxc6 22. Qxc6 Nxc6 23.
Rd5 Rfc8 24. Rxc5 ({Much worse is} 24. Bxc5 Bxc3 25. Be3 a5 $17) 24... a5 25.
Rb6 Nd8 26. Rxc8 Rxc8 27. Nd4 Ra8 28. Nb5 Ne6 29. f4 a4 {And now ...a3 would
win.} 30. Bc1 Nc5 31. e5 Nd3 32. Nc7 $1 Rc8 $36 {White is under strong
pressure.} 33. Nd5 Bf8 $1 34. Be3 a3 (34... Ra8 $17 {Strongly threatening ...
a3.} 35. Kf1 {[#]} g5 $1) 35. Ra6 $11 e6 36. Nb6 $2 (36. Nf6+ $11 {and White
stays safe.} Kg7 37. Ne4) 36... Rxc3 $19 37. Ra8 {Black should prevent Nd7.}
Kg7 38. Nd7 {[#]} a2 $2 (38... Nb4 $1 $19 39. Kf2 Nd5) 39. Nxf8 a1=Q+ (39...
Nc1 $1 $15 40. Bf2 {[#]} Rc8 $3 41. Nxe6+ fxe6 42. Ra7+ Kf8) 40. Rxa1 $11 {
Black must now prevent Nd7.The position is equal.} Kxf8 {Endgame KRB-KRN} 41.
Ra8+ Kg7 42. Kf1 Rc4 43. g3 Nb4 44. Bb6 Nd5 45. Bd8 h6 46. Ke1 Rc3 47. Kf2 Rc2+
48. Kg1 Rc1+ 49. Kf2 Rc2+ 50. Kf3 Rc3+ 1/2-1/2

[Event "Aeroflot Open 2017"]
[Site "Moscow"]
[Date "2017.02.27"]
[Round "7"]
[White "Kuzubov, Yuriy"]
[Black "Jobava, Baadur"]
[Result "0-1"]
[WhiteElo "2643"]
[BlackElo "2701"]
[Annotator "TA"]
[PlyCount "120"]
[EventDate "2017.??.??"]

1. e4 c6 2. Nf3 d5 3. Nc3 Bg4 4. h3 Bxf3 5. Qxf3 e6 6. d3 Nd7 7. Bd2 g6 8. h4
h5 {LiveBook: 3 Games} 9. g3 Bh6 10. Bxh6 Nxh6 {The position is equal.} 11. Bh3
d4 12. Ne2 Ne5 13. Qf4 Qa5+ 14. Kf1 O-O-O 15. Kg2 (15. b4 $11 Qc7 16. f3) 15...
Neg4 $15 16. Qg5 Qb4 (16... e5 $15) 17. Rab1 $11 f6 18. Qc1 Qd6 19. c3 e5 (
19... dxc3 $15 20. Bxg4 hxg4 21. Qxc3 Qxd3 22. Qxd3 Rxd3) 20. cxd4 $14 exd4 21.
b4 Kb8 22. Qc5 Rhe8 23. Qxd6+ Rxd6 24. Rb2 Ne5 25. Nc1 g5 $1 {... g4 is the
strong threat.} 26. hxg5 fxg5 {Strongly threatening ...g4.} 27. Bf5 h4 $36 {
Black fights for an advantage.} 28. gxh4 Rf8 29. h5 Nxf5 30. exf5 Rxf5 31. Re2
Rh6 32. Nb3 (32. Rhe1 $14 Nd7 33. Re7) 32... Nxd3 $11 {Hoping for ...Nf4+.} 33.
Nxd4 (33. Kg3 $1 $11 {keeps the balance.}) 33... Nf4+ 34. Kf1 (34. Kf3 $15 Rf8
35. Re5) 34... Rd5 $17 35. Re4 Nxh5 {And now ...Ng3+! would win.} 36. Ke1 Nf6
37. Rxh6 Nxe4 {Endgame KRN-KRN} 38. Ne6 {Threatening mate with Rh8+.} a5 39. f3
Nc3 40. a3 (40. bxa5 $142 Rxa5 41. a3) 40... a4 41. Rh8+ Ka7 42. Nc5 Nb5 43.
Rh7 (43. Rh2 $17 {was necessary.}) 43... Nxa3 $19 44. Rxb7+ Ka8 45. Rb6 Nc2+
46. Ke2 {intending Ra6+.} a3 $1 47. Nb3 {[#]} Rb5 $1 48. Rxc6 Rxb4 $2 (48...
Nxb4 $19 49. Rc8+ Kb7) 49. Ra6+ $15 Kb8 50. Nc1 Kb7 51. Ra5 Nd4+ 52. Kd1 {[#]}
({White should play} 52. Ke3) 52... Nb5 $1 $17 {White must now prevent ...Rb2.}
53. Nd3 Kb6 54. Nxb4 $4 (54. Ra8 $17 Rb1+ 55. Kd2) 54... Kxa5 {KN-KN} 55. Nc2
a2 {Black mates.} 56. Kc1 {[#]} Nd4 $1 57. Na1 (57. Nxd4 a1=Q+) 57... Nxf3 58.
Nb3+ Kb4 59. Kb2 {[#]} a1=Q+ $1 60. Nxa1 (60. Kxa1 Kxb3) 60... Nd4 0-1

[Event "Aeroflot Open 2017"]
[Site "Moscow"]
[Date "2017.02.27"]
[Round "7"]
[White "Khismatullin, Denis"]
[Black "Fedoseev, Vladimir"]
[Result "1/2-1/2"]
[WhiteElo "2639"]
[BlackElo "2658"]
[Annotator "TA"]
[PlyCount "105"]
[EventDate "2017.??.??"]

1. c4 c6 2. Nf3 d5 3. g3 {??.} dxc4 4. Bg2 h6 5. O-O Nd7 6. Na3 Nb6 7. Ne5 Qd4
{[#]} 8. Nexc4 $1 Nxc4 9. Qa4 $1 Qd7 10. Qxc4 Nf6 11. d4 e6 12. Rd1 Bxa3 13.
bxa3 O-O 14. Bb2 Nd5 15. Rac1 f5 16. a4 a5 17. e3 Qd8 18. Ba3 Rf7 19. Qb3 h5
20. Re1 Nf6 21. Bc5 h4 22. Bb6 Qe7 23. Bc5 (23. Rc5 $16) 23... Qc7 (23... Qd8
$1 $11) 24. Bb6 Qe7 $1 25. Rc5 Ne4 26. Re5 Qb4 {[#]} 27. Bxa5 $1 Qxb3 (27...
Rxa5 28. Qxb4) 28. axb3 b5 29. b4 $36 {Keeping Black busy.} (29. gxh4 Rxa5 30.
Rc1 Bd7 $17) 29... bxa4 30. Ra1 Bd7 31. gxh4 Nd2 32. Ra2 Nb3 (32... Ne4 $142
33. Rxa4 c5) 33. Rxa4 $18 f4 34. Ra3 Nd2 ({Not} 34... Nxa5 $2 35. Be4 $18) 35.
Ra2 Nc4 36. Rc5 Nd6 37. Bxc6 Bxc6 38. Rxc6 Nf5 39. Rxe6 Rc8 40. Kg2 Rc3 (40...
Nxh4+ {keeps fighting.} 41. Kf1 fxe3 42. Rxe3 Nf5) 41. b5 Rb3 42. Bd2 Nxh4+ 43.
Kh3 Nf3 {Strongly threatening ...Ng5+.} 44. Re8+ Kh7 {[#]} 45. d5 $2 (45. Kg2
$1 $16) 45... Rd3 ({Don't go for} 45... Rxb5 $2 46. exf4 Rxd5 47. Be3 $18) 46.
Bc1 Rd1 $1 47. Bb2 {Hoping for e4.} Rg1 {( -> ...Rf5)} 48. e4 {Threatens to
win with Ra3.} Rb7 49. Raa8 {Rh8+ is the strong threat.} Kg6 $2 {[#]} (49...
Ng5+ $11 50. Kh4 Nf3+ 51. Kh3 Ng5+ 52. Kh4 Nf3+ 53. Kh3) 50. Rh8 $2 (50. Ra3 $1
$18 Kf7 51. Rh8 (51. Rxf3 Kxe8 52. Ra3 Rxb5 53. Ra8+ Kf7 54. Ra7+ Kg8 $11)
51... Ng5+ 52. Kh4 Nxe4 53. b6) 50... Ng5+ $11 {The position is equal.} 51. Kh4
Nf3+ 52. Kh3 {And now Ra6+ would win.} Ng5+ 53. Kh4 1/2-1/2

[Event "Aeroflot Open 2017"]
[Site "Moscow"]
[Date "2017.02.27"]
[Round "7"]
[White "Kobalia, Mikhail"]
[Black "Huzman, Alexander"]
[Result "1/2-1/2"]
[WhiteElo "2628"]
[BlackElo "2552"]
[Annotator "TA"]
[PlyCount "78"]
[EventDate "2017.??.??"]

1. e4 e5 2. Nf3 Nf6 3. Nc3 {??.} Bb4 4. Nxe5 O-O 5. Be2 d6 6. Nd3 Bxc3 7. dxc3
Nxe4 8. O-O Nd7 9. f3 Nec5 10. Nf4 Nb6 11. Re1 Ne6 12. Nd3 Qf6 13. f4 Bd7 14.
Bf3 Rae8 15. g3 Bc6 16. Bxc6 bxc6 17. Qg4 g6 18. f5 Ng7 19. Bh6 c5 20. fxg6
Qxg6 21. Qh3 Nd5 22. c4 Nf6 23. Bxg7 Qxg7 24. Qf5 Ng4 25. c3 Qg6 26. Qf3 h5 27.
Re2 Ne5 28. Nxe5 Rxe5 ({But not} 28... dxe5 $6 29. Rae1 $16) 29. Rxe5 dxe5 $14
{Endgame KQR-KQR} 30. Rd1 h4 31. Qe3 Re8 {The position is equal.} 32. Rd2 Re6
33. Kg2 (33. Qxc5 Qb1+ 34. Kg2 h3+ 35. Kf3 Rf6+ 36. Ke3 Qg1+ 37. Ke4 Qxc5 38.
Kd3 Rd6+ 39. Kc2 Rxd2+ 40. Kxd2 Qf2+ 41. Kc1 Qxh2 42. a4 Qe2 43. Kb1 h2 44. Ka2
h1=Q 45. a5 Qxc4+ 46. b3 Qxc3 47. g4 Qha1#) 33... Qf5 34. Rf2 (34. Qxc5 h3+ 35.
Kg1 Rf6 36. Rd1 Qc2 37. Rd8+ Kh7 38. Rh8+ Kxh8 39. Qf8+ Kh7 40. Qh8+ Kxh8 41.
Kh1 Qg2#) 34... h3+ 35. Kg1 $1 Qb1+ 36. Rf1 Qxb2 {[#]} 37. Qf3 Qg2+ 38. Qxg2
hxg2 39. Rd1 Ra6 1/2-1/2

[Event "Aeroflot Open 2017"]
[Site "Moscow"]
[Date "2017.02.27"]
[Round "7"]
[White "Buhmann, Rainer"]
[Black "Gordievsky, Dmitry"]
[Result "1/2-1/2"]
[WhiteElo "2625"]
[BlackElo "2564"]
[Annotator "TA"]
[PlyCount "134"]
[EventDate "2017.??.??"]

1. e4 c5 2. Nf3 e6 3. d4 cxd4 4. Nxd4 Nf6 5. Nc3 d6 6. g4 h6 7. Rg1 Nc6 8. h4 {
LiveBook: 683 Games} h5 9. gxh5 Nxh5 10. Bg5 {White is better.} Qb6 11. Nb3 a6
12. Qd2 Ne5 (12... Qc7 $14) 13. Be2 $16 Bd7 (13... Nc6 $142) 14. O-O-O Qc7 ({
Reject} 14... Qxf2 $6 15. Be3 Qf6 16. Na5 $11) 15. f4 Nc4 (15... Nc6 $16) 16.
Bxc4 $1 $18 Qxc4 17. f5 $1 Rc8 18. fxe6 Bxe6 19. Kb1 g6 20. Rgf1 Bg4 $2 {[#]} (
20... Rc7 21. Rde1 Be7) 21. Rde1 (21. e5 $142 $1 Bxd1 (21... dxe5 22. Qd8+) 22.
Rxd1) 21... Bg7 22. Qxd6 Qe6 (22... Qc7 {keeps fighting.} 23. Qxc7 Rxc7) 23. e5
Qxd6 24. exd6+ Be6 25. Nd5 Kd7 26. Nb6+ Kxd6 27. Nxc8+ Rxc8 28. Rd1+ Ke5 $2 (
28... Kc6 {was worth a try.} 29. Nd4+ Bxd4) 29. Rfe1+ Kf5 30. Nd4+ (30. Rd3
$142) 30... Bxd4 31. Rxd4 Rc4 32. Rxc4 Bxc4 {Endgame KRB-KBN} 33. b3 Bd5 34. c4
Bf3 35. Re7 f6 36. Bd2 Kg4 37. Be1 Nf4 38. Kc2 Ng2 39. Bf2 Nxh4 40. Re6 Kf5 41.
Rd6 $1 Be4+ 42. Kc3 Nf3 {[#]} 43. b4 $1 g5 (43... Ng5 $142 44. Bg1 Nf7) 44. a4
g4 45. b5 axb5 46. cxb5 ({Don't do} 46. axb5 $6 Ng5 $16) 46... Kg5 47. Be3+ Kf5
48. Bf2 (48. Rd8 $142) 48... Kg5 $1 49. Bg3 f5 {[#]} 50. Rd8 $1 Nh4 {intending
...f4.} 51. Kd4 Ng6 52. a5 Bf3 53. Rg8 Kf6 54. Ke3 Ne7 55. Bh4+ Kf7 56. Rd8 {
And now Rd7 would win.} Nd5+ 57. Kd4 Nf4 58. Rd6 Be4 59. a6 bxa6 60. bxa6 g3 $2
(60... Ng6) 61. Rd7+ $2 ({Only move:} 61. Bxg3 $18 Ne2+ 62. Ke5) 61... Ke6 $14
62. Re7+ Kd6 {The position is equal.} 63. Rxe4 fxe4 64. a7 Ne6+ (64... g2 $5
65. Bf2 $8 Ne6+ 66. Kxe4 Nc7 $11) 65. Kxe4 Nc7 66. Bxg3+ Kc6 67. Bxc7 Kb7
1/2-1/2

[Event "Aeroflot Open 2017"]
[Site "Moscow"]
[Date "2017.02.27"]
[Round "7"]
[White "Jumabayev, Rinat"]
[Black "Dubov, Daniil"]
[Result "1/2-1/2"]
[WhiteElo "2611"]
[BlackElo "2661"]
[Annotator "TA"]
[PlyCount "125"]
[EventDate "2017.??.??"]

1. e4 g6 2. d4 d6 3. c4 {??.} e5 4. Nf3 Bg4 5. Be2 Bxf3 6. Bxf3 Nc6 7. d5 Nd4
8. Be3 Nxf3+ 9. Qxf3 Bh6 10. Nc3 Bxe3 11. Qxe3 Nf6 12. h4 Qe7 13. O-O-O Ng4 14.
Qe2 h5 15. f3 Nf6 16. Kb1 a6 17. Rc1 Nd7 18. Qc2 Kf8 19. Nd1 c5 20. dxc6 bxc6
21. Ne3 Nc5 22. Rcd1 Ne6 23. Qc3 Kg7 24. c5 Nxc5 25. Nc4 Rhd8 26. Rd2 Rab8 27.
Rhd1 Nb7 ({Of course not} 27... Qxh4 $6 28. Nxd6 Nb7 29. Qxe5+ Qf6 30. Nxf7
Rxd2 31. Rxd2 $14) 28. g3 Qe6 29. f4 f6 {White must now prevent ...exf4.} 30.
f5 gxf5 31. Ne3 fxe4 32. Qxc6 Qe8 33. Qxa6 Nc5 34. Qe2 Qg6 {Threatening ...Nd3.
} 35. Rf1 d5 {[#] ...d4 is the strong threat.} 36. Rxd5 (36. Rc2 $11 Nd3 37.
Rc7+ Kh8 38. b3) 36... Rxd5 $17 37. Nxd5 e3+ $1 38. Qc2 {[#]} Qd3 (38... Nd3 $1
$17 39. Qc7+ Qf7 40. Qxf7+ Kxf7 41. Nxe3 Rxb2+ 42. Ka1 Rh2) 39. Rd1 $11 {
The position is equal.} Qxc2+ 40. Kxc2 {Endgame KRN-KRN} e2 {( -> ...Rxb2+!)}
41. Re1 Na4 42. b3 Rc8+ $1 43. Kd2 Rd8 44. bxa4 Rxd5+ {KR-KR} 45. Kc3 Rd4 46.
a5 Ra4 47. Rxe2 Kf7 48. Kb3 Rxa5 49. a4 Ke6 50. Kb4 Ra8 51. a5 Kd5 52. Rf2 e4 {
aiming for ...e3.} 53. Rxf6 Rc8 54. Rf7 e3 55. a6 Ke4 56. a7 e2 57. Kb5 Ke3 58.
Re7+ Kf2 59. Rf7+ Kxg3 60. Re7 Kf2 61. Rf7+ Ke1 62. Rb7 Kf2 63. Rf7+ 1/2-1/2

[Event "Aeroflot Open 2017"]
[Site "Moscow"]
[Date "2017.02.27"]
[Round "7"]
[White "Rozum, Ivan"]
[Black "Martirosyan, Haik M"]
[Result "1-0"]
[WhiteElo "2601"]
[BlackElo "2529"]
[Annotator "TA"]
[PlyCount "71"]
[EventDate "2017.??.??"]

1. d4 Nf6 2. c4 e6 3. Nc3 c5 4. d5 exd5 5. cxd5 d6 6. Nf3 g6 7. g3 Bg7 8. Bg2
O-O 9. O-O Na6 10. Bf4 Nc7 11. a4 Re8 12. Re1 Ne4 13. Nxe4 Rxe4 {LiveBook: 4
Games} 14. Nd2 Rxf4 15. gxf4 Bxb2 {The position is equal.} 16. Rb1 Bg7 17. Qb3
b6 18. e4 Bh6 19. Qg3 $1 Ne8 20. Nc4 Qf6 21. f5 Bd7 (21... Bg5 $14) 22. a5 b5
23. e5 $1 Qxf5 24. e6 $36 {Black must now prevent Bh3. White has good play.} ({
Not} 24. Nxd6 $2 Nxd6 25. exd6 c4 $19) 24... bxc4 25. Bh3 ({Of course not} 25.
exd7 Qxd7 26. a6 Ng7 $11) 25... Qg5 $2 ({Wrong is} 25... Qxd5 $2 26. exd7 Qc6
27. Qh4 $18) ({Black should try} 25... Qf6 $1 $14 26. exd7 Ng7) 26. exd7 $18
Nf6 27. Rb7 (27. Qxg5 $18 Bxg5 28. Rb7) 27... c3 $2 {[#]} (27... Qd2 $16 {
keeps fighting.} 28. Reb1 Bf8) 28. Rxa7 $1 Rf8 $2 (28... Rb8) (28... Rxa7 29.
d8=Q+) 29. Qxg5 {White is clearly winning.} Bxg5 30. Rc7 Nxd5 31. Rc8 Nb4 {[#]}
32. Rc1 $3 Bxc1 33. Rxf8+ Kxf8 34. d8=Q+ Kg7 35. Bd7 Bg5 (35... c2 $5) 36. Qxg5
1-0

[Event "Aeroflot Open 2017"]
[Site "Moscow"]
[Date "2017.02.27"]
[Round "7"]
[White "Van Foreest, Jorden"]
[Black "Lorparizangeneh, Shahin"]
[Result "1-0"]
[WhiteElo "2584"]
[BlackElo "2519"]
[Annotator "TA"]
[PlyCount "145"]
[EventDate "2017.??.??"]

1. d4 Nf6 2. Bf4 e6 3. Nf3 c5 4. e3 b6 5. Nbd2 Bb7 6. h3 Be7 7. Bd3 O-O 8. c3
cxd4 9. cxd4 Ba6 10. Bxa6 Nxa6 11. O-O {LiveBook: 4 Games} Qc8 12. Bg5 d6 13.
Bxf6 {White has an edge.} Bxf6 14. Ne4 Be7 15. d5 Qb7 16. Nc3 Nc7 17. dxe6 fxe6
18. Nd4 d5 19. e4 Bc5 20. exd5 exd5 21. Qd3 Rf6 22. Rad1 Raf8 23. Rd2 Qc8 24.
Nb3 Rf5 25. Nxc5 bxc5 26. b3 Qd8 27. Rfd1 Qh4 28. Qc2 Kh8 29. Re2 {Hoping for
Nb5!} h6 30. Na4 c4 31. Nc5 Rg5 $1 32. Qc3 (32. Rde1 $11) 32... Nb5 (32... d4
$17 33. Rxd4 Qh5) 33. Qe3 $2 (33. Qd2 $11 Qh5 34. Ne6) 33... d4 $19 34. Qe7 {
[#]} (34. Qe4 $142 Qh5 35. Qe7) 34... Rg8 $2 (34... Rxg2+ $1 $19 35. Kxg2 {[#]}
Rxf2+ $3 36. Rxf2 Qxe7 37. bxc4 Nc3 38. Rxd4 Qxc5) 35. f4 $11 Nc3 (35... d3 $11
{remains equal.} 36. Ree1 d2 37. fxg5 dxe1=N 38. Rxe1 c3) 36. fxg5 $16 Nxd1 37.
bxc4 Ne3 (37... hxg5 $2 38. Nd3 (38. Qxa7 Ne3 39. Nb3 Qe4 40. Nxd4 Rd8 $16)
38... Kh7 39. Re4 $18 (39. Qxa7 Ne3 $14)) ({Black should try} 37... Qxg5 $14
38. Qxg5 hxg5) 38. Ne6 ({Inferior is} 38. Qxa7 Rf8 39. Rxe3 dxe3 $19) (38. Nb3
$16) 38... d3 ({Not} 38... Nxc4 $2 39. Nd8 (39. Qxa7 d3 40. Rf2 d2 $17) 39...
d3 40. Nf7+ Kh7 {[#]} 41. g6+ $1 Kxg6 42. Qxh4 $18) 39. Rxe3 d2 40. Rd3 Qe1+
41. Kh2 Qe5+ 42. Kg1 Qe1+ 43. Kh2 {aiming for Qd6.} Qe5+ 44. Nf4 Qxf4+ $11 {
Endgame KQR-KQR} 45. Kg1 {Threatens to win with gxh6.} hxg5 {Strongly
threatening ...Rb8.} 46. Rd7 g4 $2 (46... Kh7 $11) 47. Qh4+ $18 Qh6 48. Qxg4
Re8 49. Kh2 Rf8 50. c5 Qf4+ $2 (50... Rf4 51. Rd8+ Kh7) 51. Qxf4 Rxf4 52. Rxd2
{KR-KR} Rc4 53. Rd8+ Kh7 54. Ra8 Rxc5 55. Rxa7 Rc3 56. Ra4 g6 57. Rh4+ Kg7 {
[#] and the idea ...Ra3 leaves Black hopeful.} 58. a4 $1 Kf6 (58... Ra3 $142
59. Rg4 Kh7) 59. Rf4+ Kg5 60. Rf3 Rc5 61. Ra3 Ra5 62. Kg3 Kf5 63. Kf3 g5 64.
Ra1 Kf6 65. Ke4 Ke6 66. Ra2 Kd6 (66... Kf7 $142 67. Kd4 Ke6) 67. g3 (67. Kf3
$142 Ke6 68. Ke4) 67... Ke6 68. Ra3 Kd6 $2 (68... Ke7 69. Kd4 Kd6) 69. Kf3 {
White is clearly winning.} Ke6 70. Kg4 Kf6 71. Kh5 Kf7 72. g4 Kg7 73. Rf3 1-0

[Event "Aeroflot Open 2017"]
[Site "Moscow"]
[Date "2017.02.27"]
[Round "7"]
[White "Antipov, Mikhail Al"]
[Black "Moskalenko, Alexander"]
[Result "1-0"]
[WhiteElo "2582"]
[BlackElo "2488"]
[Annotator "TA"]
[PlyCount "65"]
[EventDate "2017.??.??"]

1. e4 c5 2. Nf3 d6 3. d4 cxd4 4. Nxd4 Nf6 5. Nc3 a6 6. h3 e6 7. g4 h6 8. Bg2
Be7 9. O-O O-O 10. f4 Nc6 11. Be3 Nd7 12. Nf3 b5 {LiveBook: 4 Games} 13. Ne2
Nc5 14. Ng3 Bb7 {The position is equal.} 15. g5 hxg5 16. Nxg5 f6 17. Nf3 d5 18.
exd5 Nb4 (18... exd5 $2 19. Nh4 d4 20. Ng6 $18) 19. dxe6 Nd5 20. Bd2 Nxe6 21.
Nh4 Re8 (21... f5 $142 22. Ng6 Bh4) 22. Ngf5 (22. Nh5 $18 {and White stays
clearly on top.}) 22... Bb4 $2 (22... Bc5+ $16 23. Kh2 Rb8) 23. c3 $2 (23. Bxb4
$18 {is the precise move to win.} Qb6+ 24. Rf2 Nxb4 25. Bxb7 Qxb7 26. Qh5 Nxc2
{[#]} 27. Ng6 $1) 23... Bc5+ $16 24. Kh1 ({Better is} 24. Kh2 $18) 24... Qc7
25. Qg4 $36 {b4 is the strong threat. White is on the roll.} Nf8 $2 (25... Ne7
$16 {is a better defense.}) 26. Rae1 Nb6 $2 (26... Rad8 {is tougher.} 27. Rxe8
Rxe8) 27. b4 $18 Bd6 28. Rg1 ({Not} 28. Nxd6 Bxg2+ 29. Qxg2 Qxd6 30. Qxg7+ Kxg7
$18) 28... Nc4 {[#]} 29. Nxg7 $1 Qxg7 30. Bxb7 Qxg4 31. Rxg4+ ({Weaker is} 31.
hxg4 Nxd2 32. Bd5+ Kh7 $16) 31... Kh7 32. Reg1 Ne6 33. Nf5 (33. Be4+ $142 Kh8
34. Nf5 Re7 35. Rh4+ Rh7 36. Rxh7+ Kxh7 37. Nxd6+ f5 38. Bxf5+ Kh6 39. Nf7+ Kh5
40. Be1 Ne5 41. Rg4 Nxg4 42. hxg4#) 1-0

[Event "Aeroflot Open 2017"]
[Site "Moscow"]
[Date "2017.02.27"]
[Round "7"]
[White "Maghsoodloo, Parham"]
[Black "Kuybokarov, Temur"]
[Result "0-1"]
[WhiteElo "2575"]
[BlackElo "2491"]
[Annotator "TA"]
[PlyCount "110"]
[EventDate "2017.??.??"]

1. Nf3 d5 2. g3 Bg4 3. Bg2 c6 4. d3 Nf6 5. Nbd2 Nbd7 6. O-O e5 7. h3 Bh5 8. g4
Bg6 9. Nh4 Bc5 10. e3 {LiveBook: 5 Games} O-O 11. Nxg6 hxg6 12. c4 {The
position is equal.} d4 13. Nb3 a5 14. exd4 exd4 15. Nxc5 Nxc5 16. b3 Nfd7 17.
f4 f5 18. gxf5 gxf5 19. Qf3 Re8 20. Bd2 Nf8 21. Rae1 Ng6 22. Rxe8+ Qxe8 23. Qg3
Qe2 {Hoping for ...Nf8.} 24. Rf2 Qh5 25. Bf3 Qh6 26. Be2 Re8 27. Kf1 (27. Bxa5
Re3 28. Qg5 Nxd3 29. Bxd3 Rxd3 30. Qxh6 gxh6 $17) 27... b6 {[#]} 28. h4 $1 Nf8
(28... Nxh4 29. Rh2) 29. h5 Nh7 30. Rg2 Re6 31. Qh3 Qf6 32. Rg6 (32. Bd1 $16)
32... Qf7 33. Qg2 Nf8 34. Rg3 Qe7 35. Ke1 (35. Bd1 $14) 35... Rf6 (35... Na6 $1
$11) 36. Kd1 $14 Nfe6 37. Kc2 Na6 {White should prevent ...Qa3.} 38. Bf3 (38.
Qxc6 Nb4+ 39. Bxb4 Qxb4 $11) ({Better is} 38. Bd1 $16) 38... Nb4+ $11 (38...
Qa3 $5 39. Kb1 $8 a4 $14) 39. Kb1 $1 Nc5 40. a3 Nbxd3 {White must now prevent .
..Ne4.} 41. Bxc6 Kh8 42. Bd5 Nxb3 43. Rxd3 Qxa3 44. Qf3 a4 {aiming for ...Re6!}
45. Kc2 {And now Rxb3 would win.} Qa2+ 46. Kd1 Rf8 (46... Qb1+ $5 47. Ke2 $8
Rf8 $11) 47. h6 $1 {Threatening mate with hxg7+.} Qb1+ (47... gxh6 $2 48. Qh5
Kh7 49. Be6 Qb1+ 50. Ke2 $18) 48. Ke2 {hxg7+ would kill now.} Re8+ ({Not} 48...
gxh6 $2 49. Qh5 Qxd3+ 50. Kxd3 $18) 49. Kf2 $2 {[#]} (49. Re3 $1 $11 {and
White stays safe.} Rxe3+ 50. Bxe3) 49... g6 $1 $19 ({But not} 49... Nxd2 $2 50.
hxg7+ Kxg7 51. Qg3+ Kf8 52. Qg8+ Ke7 53. Qe6+ Kd8 54. Qd6+ Kc8 55. Be6+ Rxe6
56. Qxe6+ Kc7 57. Qe5+ Kb7 58. Qd5+ (58. Qxf5 Qf1+ 59. Kg3 Qe1+ 60. Kh3 Qf1+
61. Kh4 Qh1+ 62. Kg4 Qg2+ 63. Kh5 Qh1+ 64. Kg6 Qc6+ 65. Kg7 Nxc4 $11) 58... Ka7
59. Rxd2 $18) 50. Rxb3 $2 (50. Kg2 Qc2 51. Be6 Nxd2 52. Qe2) 50... axb3 51. Bc6
{[#]} Qc2 $1 52. Bxe8 Qxd2+ 53. Kg3 Qe1+ 54. Kg2 Qxe8 55. Qf2 Qe4+ 0-1

[Event "Aeroflot Open 2017"]
[Site "Moscow"]
[Date "2017.02.27"]
[Round "7"]
[White "Predke, Alexandr"]
[Black "Esipenko, Andrey"]
[Result "1-0"]
[WhiteElo "2573"]
[BlackElo "2502"]
[Annotator "TA"]
[PlyCount "61"]
[EventDate "2017.??.??"]

1. Nf3 d5 2. d4 Nf6 3. c4 {??.} e6 4. Nc3 Bb4 5. Qb3 c5 6. dxc5 Nc6 7. Bg5 Qa5
{[#] Strongly threatening ...d4.} 8. Bxf6 dxc4 9. Qxc4 gxf6 10. Rc1 Qxc5 11.
Qh4 Bxc3+ 12. Rxc3 Qb4 13. Qxf6 Rf8 14. Ng5 Qxb2 {...h6 is the strong threat.}
15. f3 Qb1+ $1 (15... Qxa2 $6 16. Kf2 $16) 16. Kf2 $36 {And now Rd3 would win.
White is pushing.} Qg6 $1 17. Ne4 {Black must now prevent Qh4.} Qxf6 18. Nxf6+
Ke7 19. Nxh7 Rg8 {Threatens to win with ...Rg7.} 20. h4 f6 $1 21. e3 Ne5 $2 ({
Black should try} 21... Bd7 $14) 22. Rc7+ $18 Bd7 {[#]} 23. Be2 $1 (23. Rxb7
Rab8 24. Rxb8 Rxb8 $14) 23... Rac8 24. Rxb7 Rc2 {Hoping for .. .Nd3+.} 25. Rd1
{White is clearly winning.} ({And not} 25. Rxa7 Nd3+ 26. Kg1 Ne5 $11) 25...
Rxg2+ ({Inferior is} 25... Rxa2 26. f4 Ng4+ 27. Kg1 Rxe2 28. Rbxd7+ Ke8 29.
Rxa7) 26. Kxg2 Rxe2+ 27. Kg1 Rxa2 (27... Nxf3+ $5 28. Kf1 $8 Rd2 $18) 28. Kf1
Ra3 29. f4 Nd3 30. Rxd7+ Kxd7 31. Ke2 ({Weaker is} 31. Nxf6+ Ke7 $18) 1-0